Les préfectures des 10 départements composant la région Grand Est - Statistiques

Statistiques générales
  • Ce quiz a été pris 165 fois
    148 depuis la dernière actualisation
  • Le résultat moyen est 8 sur 10
Statistiques - réponses
Département Préfecture % Correct
67 Strasbourg
97%
57 Metz
93%
54 Nancy
93%
68 Colmar
91%
10 Troyes
85%
88 Epinal
83%
08 Charleville-Mézières
76%
55 Bar-le-Duc
74%
51 Châlons-en-Champagne
72%
52 Chaumont
69%
Aucun quiz correspondant
Distribution des résultats
% des personnes avec chaque résultat
Percentile par nombre de réponses
Votre historique - résultats
Vous n’avez pas pris ce quiz depuis la dernière actualisation